00363nam a2200133Ia 4500008004100000041001200041082001800053100004100071245005100112250001300163260002300176300001100199650001900210231217s9999 xx 000 0 und d aEnglish a621.3811 DAZ aD'Azzo, John J Houpis, Constantine H 0aFeedback control system analysis and synthesis a2nd ed.  c1966bMcGraw-Hill, axx+824 aControl system